دراسة نقدية لثقافة ”هوي” في رواية )جنازة المسلمين(للكاتبة ”خو دا” / (رقم التسجيلة. 162765)
[ عرض عادي ]
| 000 -LEADER | |
|---|---|
| fixed length control field | 04698namaa22004211i 4500 |
| 003 - CONTROL NUMBER IDENTIFIER | |
| control field | OSt |
| 005 - أخر تعامل مع التسجيلة | |
| control field | 20250223033042.0 |
| 008 - FIXED-LENGTH DATA ELEMENTS--GENERAL INFORMATION | |
| fixed length control field | 230416s2022 ua a frm 000 arand d |
| 040 ## - CATALOGING SOURCE | |
| Original cataloguing agency | EG-GICUC |
| Language of cataloging | ara |
| Transcribing agency | EG-GICUC |
| Modifying agency | EG-GICUC |
| Description conventions | rda |
| 041 0# - LANGUAGE CODE | |
| Language code of text/sound track or separate title | ara |
| Language code of summary or abstract | ara |
| -- | eng |
| 049 ## - Acquisition Source | |
| Acquisition Source | ايداع |
| 082 04 - DEWEY DECIMAL CLASSIFICATION NUMBER | |
| Classification number | 214.9 |
| 092 04 - LOCALLY ASSIGNED DEWEY CALL NUMBER (OCLC) | |
| Classification number | 214.9 |
| Edition number | 21 |
| 097 ## - Degree | |
| Degree | ماجستير |
| 099 ## - LOCAL FREE-TEXT CALL NUMBER (OCLC) | |
| Local Call Number | Cai01.02.09.M.A.2022.شر.د. |
| 100 0# - MAIN ENTRY--PERSONAL NAME | |
| Authority record control number or standard number | شروق محمود أنور، |
| Preparation | إعداد. |
| 245 10 - TITLE STATEMENT | |
| Title | دراسة نقدية لثقافة ”هوي” في رواية )جنازة المسلمين(للكاتبة ”خو دا” / |
| Statement of responsibility, etc. | اعداد شروق محمود أنور ؛ اشراف ا.د. رحاب محمود، ا.د. يسرا كامل كامل. |
| 246 15 - VARYING FORM OF TITLE | |
| Title proper/short title | A critical study for ”Hui” nation’s culture in (Muslim Funeral )novel By “Huo Da” |
| 264 #0 - PRODUCTION, PUBLICATION, DISTRIBUTION, MANUFACTURE, AND COPYRIGHT NOTICE | |
| Date of production, publication, distribution, manufacture, or copyright notice | 2022. |
| 300 ## - PHYSICAL DESCRIPTION | |
| Extent | 89 صفحة. ؛ |
| Dimensions | 30 cm. + |
| Accompanying material | CD. |
| 336 ## - CONTENT TYPE | |
| Source | rda content |
| Content type term | text |
| 337 ## - MEDIA TYPE | |
| Source | rdamedia |
| Media type term | Unmediated |
| 338 ## - CARRIER TYPE | |
| Source | rdacarrier |
| Carrier type term | volume |
| 502 ## - DISSERTATION NOTE | |
| Dissertation note | أطروحة (دكتواره)-جامعة القاهرة، 2022. |
| 504 ## - BIBLIOGRAPHY, ETC. NOTE | |
| Bibliography, etc. note | ببليوجرافيا: صفحات. 82. |
| 520 ## - SUMMARY, ETC. | |
| Summary, etc. | لطالما كان للإسلام تأثير كبير على التاريخ والثقافة. لكن المسلمين واجهوا نفس المشاكل الاجتماعية في أوقات مختلفة وبلدان مختلفة ، ولديهم أيضًا نفس العادات والتقاليد ؛ أي لا يمكنهم أكل لحم الخنزير أو شرب الكحول. على الرغم من أن الإسلام دخل في بلدان مختلفة ، إلا أن الأشخاص الذين يؤمنون بهذا الدين يتمتعون جميعًا بنفس العادات والتقاليد لأن ثقافتهم تشمل تعاليم الإسلام.كما تعكس ”جنازة المسلم” لهدى ثقافة الإسلام في ثلاثة عصور مختلفة.من خلال قرأت الكثير من الأدبيات عن ثقافة الأسلام في مصر و الصين و أيضا بعد تحليل رواية 》 جنازة المسلمين 《: خو دا تعرفتُ علي الأتي 89 1.علي الرغم من أن الإسلام دخل في بلدان مختلفة و ثقافات مختلفة الأ أن له نفس التعاليم الدينة 2.هناك بعض الأختلافات في الثقافة الإسلامية بين مصر و الصين 3.الأسرة و المجتمع كان لهم تأثير اً كبيراُ علي فكر الكاتبة خو دا 4.قومية هوي من أكبر الأقليات المسلمة في الصين و أقدمها علي الأطلاق |
| 520 ## - SUMMARY, ETC. | |
| Summary, etc. | Through this thesis, we shed light on the literature of Chinese minorities, as well as the different cultures between Muslims in Egypt and Muslims in China ‘Customs and traditions can be arisen by the different cultures of people, and through customs and traditions we can learn about different cultures .<br/>Different cultures have different characteristics, and literature is a reflection of different national cultures. This study is a comparison between Islamic cultures in China and Egypt which is one of the central issues in modern and contemporary literary circles. This article analyzes the similarities and differences between the customs and traditions of the two countries, through the ”Muslim funeral”.<br/>Researching in the customs and traditions of peoples is one of the most important literary aspects at all, although there are many and many graduated students who tend to present many theses that discuss customs and traditions from different angles. However, there are not many who research the customs and traditions of Muslims in Egypt and China. And because I am one of those who are interested in knowing the different cultures of peoples, this topic aroused my interest, and that is why I decided to write this thesis.<br/>Through this article, I discuss Islamic customs and traditions in Egypt and China, |
| 530 ## - ADDITIONAL PHYSICAL FORM AVAILABLE NOTE | |
| Issues CD | صدر أيضًا كقرص مدمج. |
| 546 ## - LANGUAGE NOTE | |
| Text Language | النص بالعربية والملخص بالإنجليزية. |
| 650 ## - SUBJECT ADDED ENTRY--TOPICAL TERM | |
| Topical term or geographic name entry element | الاسلام |
| Source of heading or term | qrmak |
| 653 ## - INDEX TERM--UNCONTROLLED | |
| Uncontrolled term | قومية هوي. |
| -- | الإسلام |
| -- | الكاتبة خودا. |
| 700 0# - ADDED ENTRY--PERSONAL NAME | |
| Personal name | يسرا كامل كامل. |
| Relator term | مشرف أطروحة. |
| 700 0# - ADDED ENTRY--PERSONAL NAME | |
| Personal name | رحاب محمود. |
| Relator term | مشرف أطروحة. |
| 900 ## - Thesis Information | |
| Grant date | 01-01-2022 |
| Supervisory body | يسرا كامل كامل. |
| -- | رحاب محمود. |
| Discussion body | مرفت علي. |
| -- | دونغ تشوى شوى. |
| Universities | جامعة القاهرة. |
| Faculties | كلية الاداب. |
| Department | قسم اللغة الصينية |
| 905 ## - Cataloger and Reviser Names | |
| Cataloger Name | Nadia |
| 942 ## - ADDED ENTRY ELEMENTS (KOHA) | |
| Koha item type | Thesis |
| Source of classification or shelving scheme | Dewey Decimal Classification |
| Source of classification or shelving scheme | Home library | Current library | Date acquired | Inventory number | Full call number | Barcode | Date last seen | Effective from | Koha item type |
|---|---|---|---|---|---|---|---|---|---|
| Dewey Decimal Classification | المكتبة المركزبة الجديدة - جامعة القاهرة | قاعة الرسائل الجامعية - الدور الاول | 11.02.2024 | 29776 | Cai01.02.09.M.A.2022.شر.د. | 01010100029776000 | 30.10.2023 | 30.10.2023 | Thesis |